Political science And Government (Record no. 1393280)

MARC details
000 -LEADER
fixed length control field 00683nam a2200253Ia 4500
008 - FIXED-LENGTH DATA ELEMENTS--GENERAL INFORMATION
fixed length control field 160620s9999||||xx |||||||||||||| ||und||
040 ## - CATALOGING SOURCE
Transcribing agency English
082 ## - DEWEY DECIMAL CLASSIFICATION NUMBER
Classification number XI.A/Majumdar
082 ## - DEWEY DECIMAL CLASSIFICATION NUMBER
Item number BORI-101178
100 ## - MAIN ENTRY--PERSONAL NAME
Personal name Biman Behari Majumdar
245 ## - TITLE STATEMENT
Title Political science And Government
300 ## - PHYSICAL DESCRIPTION
Extent Viii+652
300 ## - PHYSICAL DESCRIPTION
Dimensions B
300 ## - PHYSICAL DESCRIPTION
Accompanying material Hardbound
530 ## - ADDITIONAL PHYSICAL FORM AVAILABLE NOTE
Uniform Resource Identifier <a href="00101178.pdf">00101178.pdf</a>
563 ## - BINDING INFORMATION
Binding note Study
600 ## - SUBJECT ADDED ENTRY--PERSONAL NAME
Personal name Biman Behari Majumdar
630 ## - SUBJECT ADDED ENTRY--UNIFORM TITLE
Uniform title Political science And Government
650 ## - SUBJECT ADDED ENTRY--TOPICAL TERM
Topical term or geographic name as entry element "Politics,History and Historiography"
650 ## - SUBJECT ADDED ENTRY--TOPICAL TERM
Topical term or geographic name as entry element General Indology
700 ## - ADDED ENTRY--PERSONAL NAME
Personal name Biman Behari Majumdar
730 ## - ADDED ENTRY--UNIFORM TITLE
Uniform title Political science And Government
942 ## - ADDED ENTRY ELEMENTS (KOHA)
Koha item type Book

No items available.